000 00351nam a2200133 i 4500
001 bg
100 1 _aSZOŁOMICKA, Janina
245 0 _aNiektóre cechy charakterystyczne rosyjskiego języka i stylu naukowo-technicznego.
260 _aSzczecin,
_c1987.
040 _cBPK
041 _apol
942 _cKS
008 s pl f |000 0 pol
999 _c28498
_d28498
856 _uhttp://koha.tu.koszalin.pl/cgi-bin/koha/opac-detail.pl?biblionumber=28498
_yKatalog online BPK